One who survived (Record no. 6934)

MARC details
000 -CABECERA
campo de control de longitud fija 00805nam a2200241 a 4500
001 - NÚMERO DE CONTROL
campo de control BRCA_7253
005 - FECHA Y HORA DE LA ÚLTIMA TRANSACCIÓN
campo de control 20190320205753.0
008 - DATOS DE LONGITUD FIJA--INFORMACIÓN GENERAL
campo de control de longitud fija 260112s1945----nyu#######---#000-0#eng-#
041 ## - CÓDIGO DE LENGUA
Código de lengua del texto/banda sonora o título independiente eng
044 ## - CÓDIGO DEL PAÍS DE LA ENTIDAD EDITORA/PRODUCTORA
Código MARC del país nyu
050 #4 - SIGNATURA TOPOGRÁFICA DE LA BIBLIOTECA DEL CONGRESO
Número de clasificación DK268.B3
Número de documento/Ítem .A45
100 1# - ENTRADA PRINCIPAL--NOMBRE DE PERSONA
Nombre de persona Barmine, Alexander
9 (RLIN) 17964
245 10 - MENCIÓN DE TÍTULO
Título One who survived
Resto del título The Life Story of a Russian under the Soviets
Mención de responsabilidad, etc. by Alexander Barmine; whit an Introduction by Max Eastman.
260 ## - PUBLICACIÓN, DISTRIBUCIÓN, ETC.
Lugar de publicación, distribución, etc. Nueva York
Nombre del editor, distribuidor, etc. G. P. Putnam`s Sons
Fecha de publicación, distribución, etc. c1945
300 ## - DESCRIPCIÓN FÍSICA
Extensión xiv, 337 p.
Otras características físicas il., fotografías
Dimensiones 22 cm.
500 ## - NOTA GENERAL
Nota general Incluye índice alfabético
500 ## - NOTA GENERAL
Nota general P13
650 14 - PUNTO DE ACCESO ADICIONAL DE MATERIA--TÉRMINO DE MATERIA
Término de materia o nombre geográfico como elemento de entrada Comunismo
Subdivisión geográfica Unión Soviética
9 (RLIN) 17965
651 #4 - PUNTO DE ACCESO ADICIONAL DE MATERIA--NOMBRE GEOGRÁFICO
Nombre geográfico Unión Soviética
Subdivisión general Política y gobierno
Subdivisión cronológica 1917-1936
9 (RLIN) 17966
700 1# - PUNTO DE ACCESO ADICIONAL--NOMBRE DE PERSONA
Nombre de persona Eastman, Max
Término indicativo de función/relación introducción.
9 (RLIN) 17967
902 ## - CATALOGADOR
Iniciales GFM
942 ## - ELEMENTOS DE PUNTO DE ACCESO ADICIONAL (KOHA)
Fuente del sistema de clasificación o colocación Library of Congress Classification
Tipo de ítem Koha Libros
Holdings
Estado de retiro Estado de pérdida Estado dañado No para préstamo Localización permanente Ubicación/localización actual Fecha de adquisición Número de inventario Total de préstamos Signatura topográfica completa Código de barras Fecha visto por última vez Precio válido a partir de Tipo de ítem Koha
El ejemplar forma parte de la colección y puede ser consultado según las políticas vigentes.       Biblioteca del Museo Franz Mayer (Rogerio Casas-Alatriste) Biblioteca del Museo Franz Mayer (Rogerio Casas-Alatriste) 26/01/2012 P13   DK268.B3 .A45 (P13) 7712 22/03/2019 22/03/2019 Libros